
Library Catalogue

| 000 -LEADER | |
|---|---|
| fixed length control field | 01976cam a22003618i 4500 |
| 001 - CONTROL NUMBER | |
| control field | 22056956 |
| 005 - DATE AND TIME OF LATEST TRANSACTION | |
| control field | 20241227164417.0 |
| 008 - FIXED-LENGTH DATA ELEMENTS--GENERAL INFORMATION | |
| fixed length control field | 210527s2021 nyu b 001 0 eng |
| 010 ## - LIBRARY OF CONGRESS CONTROL NUMBER | |
| LC control number | 2021026037 |
| 020 ## - INTERNATIONAL STANDARD BOOK NUMBER | |
| International Standard Book Number | 9781108835343 |
| Qualifying information | (hardback) |
| 020 ## - INTERNATIONAL STANDARD BOOK NUMBER | |
| International Standard Book Number | 9781108793179 |
| Qualifying information | (paperback) |
| 020 ## - INTERNATIONAL STANDARD BOOK NUMBER | |
| Canceled/invalid ISBN | 9781108883719 |
| Qualifying information | (epub) |
| 040 ## - CATALOGING SOURCE | |
| Original cataloging agency | DLC |
| Language of cataloging | eng |
| Description conventions | rda |
| Transcribing agency | DLC |
| 042 ## - AUTHENTICATION CODE | |
| Authentication code | pcc |
| 100 1# - MAIN ENTRY--PERSONAL NAME | |
| Personal name | Hoofnagle, Chris Jay, |
| Relator term | author. |
| 245 10 - TITLE STATEMENT | |
| Title | Law and policy for the quantum age / |
| Statement of responsibility, etc. | Chris Jay Hoofnagle and Simson L. Garfinkel. |
| 263 ## - PROJECTED PUBLICATION DATE | |
| Projected publication date | 2108 |
| 264 #1 - PRODUCTION, PUBLICATION, DISTRIBUTION, MANUFACTURE, AND COPYRIGHT NOTICE | |
| Place of production, publication, distribution, manufacture | New York : |
| Name of producer, publisher, distributor, manufacturer | Cambridge University Press, |
| Date of production, publication, distribution, manufacture, or copyright notice | 2021. |
| 300 ## - PHYSICAL DESCRIPTION | |
| Extent | pages cm |
| 336 ## - | |
| -- | text |
| -- | txt |
| -- | rdacontent |
| 337 ## - | |
| -- | unmediated |
| -- | n |
| -- | rdamedia |
| 338 ## - | |
| -- | volume |
| -- | nc |
| -- | rdacarrier |
| 504 ## - BIBLIOGRAPHY, ETC. NOTE | |
| Bibliography, etc. note | Includes bibliographical references and index. |
| 520 ## - SUMMARY, ETC. | |
| Summary, etc. | "the smallest scales-why a molecule of water gets hot in a microwave oven, or how a uranium atom splits in a nuclear reactor. The rules of quantum mechanics are often counterintuitive and seem incompatible with our everyday experiences. Over the past century, deeper understanding of quantum mechanics has given scientists better control of the quantum world and quantum effects. This control provides technologists with new ways to acquire, process, and transmit information as part of a new scientific field known as quantum information science (QIS)"-- |
| Assigning source | Provided by publisher. |
| 650 #0 - SUBJECT ADDED ENTRY--TOPICAL TERM | |
| Topical term or geographic name entry element | Quantum theory. |
| 650 #0 - SUBJECT ADDED ENTRY--TOPICAL TERM | |
| Topical term or geographic name entry element | Quantum computing. |
| 700 1# - ADDED ENTRY--PERSONAL NAME | |
| Personal name | Garfinkel, Simson, |
| Relator term | author. |
| 776 08 - ADDITIONAL PHYSICAL FORM ENTRY | |
| Relationship information | Online version: |
| Main entry heading | Hoofnagle, Chris Jay, |
| Title | Law and policy for the quantum age |
| Place, publisher, and date of publication | New York : Cambridge University Press, 2021 |
| International Standard Book Number | 9781108883719 |
| Record control number | (DLC) 2021026038 |
| 856 ## - ELECTRONIC LOCATION AND ACCESS | |
| Uniform Resource Identifier | <a href="https://www.cambridge.org/core/books/law-and-policy-for-the-quantum-age/026A5CE2FE7FE277B94DA01A519B2DAD">https://www.cambridge.org/core/books/law-and-policy-for-the-quantum-age/026A5CE2FE7FE277B94DA01A519B2DAD</a> |
| Link text | click here to Access |
| 906 ## - LOCAL DATA ELEMENT F, LDF (RLIN) | |
| a | 7 |
| b | cbc |
| c | orignew |
| d | 1 |
| e | ecip |
| f | 20 |
| g | y-gencatlg |
| 942 ## - ADDED ENTRY ELEMENTS (KOHA) | |
| Source of classification or shelving scheme | Dewey Decimal Classification |
| Koha item type | Open Access Books - Publishers |
| Withdrawn status | Lost status | Source of classification or shelving scheme | Damaged status | Not for loan | Home library | Current library | Date acquired | Total Checkouts | Barcode | Date last seen | Price effective from | Koha item type |
|---|---|---|---|---|---|---|---|---|---|---|---|---|
| Dewey Decimal Classification | NLS | NLS | 27/12/2024 | OABP574 | 27/12/2024 | 27/12/2024 | Open Access Books - Publishers |